• 首页
  • 本馆介绍
  • 公告通知
  • 最新文献
  • 馆藏检索
  • 电子资源
  • 读者导购
  • 参考咨询
  • 我的图书馆
  • 登录
  • 详细信息显示
  • 放入我的书架
  • 预约/预借图书
  • 作者相关作品
  • 分类相关作品
  • 丛书相关作品
  • 出版社相关作品

书目信息

  • 表格格式
  • 工作单格式
  • 卡片格式
题名:
培养反映的实践者
    
 
作者: 舍恩 著 ;郝彩虹 译
分册:  
出版信息: 北京   教育科学出版社  2008
页数: 329页
开本: 24cm
丛书名: 行动科学经典译丛
单 册:
中图分类: G718.3
科图分类:
主题词: 专业学校--教学研究 , 专业学校 , 教学研究
电子资源:
ISBN: 978-7-5041-4327-3
000 01452oam2 2200301 45
005 20100303143626.67
010    @a978-7-5041-4327-3@dCNY42.00
100    @a20100121d2008 ekmy0chiy0120 ea
101 1  @achi@ceng@aeng
102    @aCN@b110000
105    @ay z 000yy
106    @ar
200 1  @a培养反映的实践者@APei Yang Fan Ying De Shi Jian Zhe@dEducating the reflective practitioner:toward a new design for teaching andlearning in the professions@e专业领域中关于教与学的一项全新设计@EZhuan Ye Ling Yu Zhong Guan Yu Jiao Yu Xue De Yi Xiang Quan Xin She Ji@f(美)舍恩(Donald A.schon)著@F( Mei ) She En (Donald A.schon) Zhu@g郝彩虹等译@zeng
210    @a北京@c教育科学出版社@d2008
215    @a329页@d24cm
225 2  @a行动科学经典译丛
330    @a本书共分四篇,内容包括理解专业教育中的技艺需要、建筑工作室:行动中反映的教育模式、反映性实践课是如何动作的:安全与实验、对改进专业教育的意涵。
461  0 @12001 @a行动科学经典译丛
510 1  @aEducating the reflective practitioner@etoward a new design for teaching andlearning in the professions@zeng
517 1  @a专业领域中关于教与学的一项全新设计@AZhuan Ye Ling Yu Zhong Guan Yu Jiao Yu Xue De Yi Xiang Quan Xin She Ji
606 0  @a专业学校@x教学研究
606 0  @a专业学校
606 0  @a教学研究
690    @aG718.3@v4
701  1 @a舍恩@AShe En@g(Schon,Donald A.)@4著
702  0 @a郝彩虹@AHao Cai Hong@4译
801  0 @aCN@bTANGWEI@c20100303
905    @b0584661-65@dG718.3@e20@f5
    
    培养反映的实践者=Educating the reflective practitioner:toward a new design for teaching andlearning in the professions:专业领域中关于教与学的一项全新设计/(美)舍恩(Donald A.schon)著/郝彩虹等译.-北京:教育科学出版社,2008
    329页;24cm.-(行动科学经典译丛)
    
    
    ISBN 978-7-5041-4327-3:CNY42.00
    本书共分四篇,内容包括理解专业教育中的技艺需要、建筑工作室:行动中反映的教育模式、反映性实践课是如何动作的:安全与实验、对改进专业教育的意涵。
●
相关链接 在E读中查询图书 在五车中查询图书 在当当中查询图书 在豆瓣中查询图书


正题名:培养反映的实践者     索取号:G718.3/20         预约/预借

序号 登录号 条形码 馆藏地/架位号 状态 备注
1 0584661   205846619   第一样本阅览室/ [索取号:G718.3/20] 在馆    
2 0584662   205846628   第四借阅区/ [索取号:G718.3/20] 在馆    
3 0584663   205846637   第四借阅区/ [索取号:G718.3/20] 在馆    
4 0584664   205846646   第四借阅区/ [索取号:G718.3/20] 在馆    
5 0584665   205846655   第四借阅区/ [索取号:G718.3/20] 在馆    
唐山师范学院图书馆 欢迎您!
大连网信软件有限公司© 版权所有